Flagi (TRUDNE) - Statystyki

Ogólne statystyki
  • Ten quiz został rozwiązany 141 razy
  • Średni wynik to 4 z 11
Statystyki odpowiedzi
Obrazkowy Odpowiedź % Poprawnych
Sycylia
81%
Tybet
78%
Korsyka
70%
Alaska
66%
Martynika
49%
Województwo Lubuskie
32%
Szetlandy
23%
Majorka
13%
Terytorium Północne
11%
Wyspy Galapagos
10%
Kyoto
3%
Nie znaleziono quizów pasujących do podanych kryteriów
Rozkład punktacji
Procent ludzi z każdym wynikiem
Percentyl według liczby udzielonych odpowiedzi
Twoja historia wyników
Nie rozwiązałeś tego quizu